Les Îles du Cap-Vert - Statistiques

Statistiques générales
  • Ce quiz a été pris 57 fois
  • Le résultat moyen est 7 sur 14
Réponses sur la Carte
Les réponses sont colorées sur une échelle allant du rouge au vert en fonction du pourcentage des utilisateurs qui les ont devinées à leur premier essai. Vous pouvez retrouver ces pourcentages ci-dessous.
 
Statistiques - réponses
Île % Correct
Santiago
98%
Sal
82%
São Vicente
82%
Fogo
80%
Boa Vista
67%
Santo Antão
64%
Maio
60%
Brava
58%
Santa Luzia
58%
São Nicolau
51%
Ilhéu de Cima
4%
Ilhéu Grande
4%
Branco
2%
Raso
2%
Aucun quiz correspondant
Distribution des résultats
% des personnes avec chaque résultat
Percentile par nombre de réponses
Votre historique - résultats
Vous n’avez pas pris ce quiz